Economic and Philosophic Manuscripts of 1844 (Record no. 119500)
[ view plain ]
| 000 -LEADER | |
|---|---|
| fixed length control field | 00392nam a22001337a 4500 |
| 005 - DATE AND TIME OF LATEST TRANSACTION | |
| control field | 20140103141236.0 |
| 008 - FIXED-LENGTH DATA ELEMENTS--GENERAL INFORMATION | |
| fixed length control field | 140103b xxu||||| |||| 00| 0 eng d |
| 050 ## - LIBRARY OF CONGRESS CALL NUMBER | |
| Classification number | HX39.5. |
| Item number | A224 1977 |
| 100 ## - MAIN ENTRY--PERSONAL NAME | |
| Personal name | Marx, Karl |
| 9 (RLIN) | 6499 |
| 245 ## - TITLE STATEMENT | |
| Title | Economic and Philosophic Manuscripts of 1844 |
| Statement of responsibility, etc | Marx, Karl |
| 260 ## - PUBLICATION, DISTRIBUTION, ETC. (IMPRINT) | |
| Place of publication, distribution, etc | Moscow |
| Name of publisher, distributor, etc | Progress Publishers |
| Date of publication, distribution, etc | 1977 |
| 300 ## - PHYSICAL DESCRIPTION | |
| Extent | 215p. ; |
| Dimensions | 21cm. |
| 942 ## - ADDED ENTRY ELEMENTS (KOHA) | |
| Source of classification or shelving scheme | Library of Congress Classification |
| Item type | Monograph ( Printed materials) |
| Withdrawn status | Lost status | Source of classification or shelving scheme | Damaged status | Not for loan | Collection code | Home library | Current library | Shelving location | Date acquired | Total Checkouts | Full call number | Barcode | Date last seen | Date last borrowed | Price effective from | Koha item type |
|---|---|---|---|---|---|---|---|---|---|---|---|---|---|---|---|---|
| Library of Congress Classification | Main Collection | ARRUPE LIBRARY | ARRUPE LIBRARY | Main Collection | 03/01/2014 | 1 | HX39.5. A224 1977 | 46410439 | 30/04/2018 | 12/10/2015 | 03/01/2014 | Monograph ( Printed materials) |